| 000 | 00935nam a2200265Ia 4500 | ||
|---|---|---|---|
| 003 | OSt | ||
| 005 | 20221005111310.0 | ||
| 006 | a|||||r|||| 00| 0 | ||
| 007 | ta | ||
| 008 | 221004b |||||||| |||| 00| 0 hin d | ||
| 020 |
_a9789350001356 (hbk) _c600 |
||
| 024 | _a17345 | ||
| 037 |
_b520, 21/03/2015, Vani Prakashan _cTextual |
||
| 040 |
_aCRL _cCRL _bhin |
||
| 041 |
_2hin _ahin |
||
| 082 | _aNW44wN25, 152Q0 | ||
| 100 | _aमित्र, बिमल | ||
| 245 | 0 | _aबिछडे़ सभी बारी - बारे | |
| 246 | _aBichhaḍe़ sabhī bārī - bāre | ||
| 260 |
_aनई दिल्ली _bवाणी प्रकाशन भारत _c2012 |
||
| 300 |
_a191पृ0 _ccm. |
||
| 650 | _aल्थ्ल्त् क्ल्ज्ञ | ||
| 942 |
_hNW44wN25, 152Q0 _cTEXL _2cc |
||
| 999 |
_c1021426 _d1021426 |
||